Literatura hispano-americana

Uloženo v:
Podrobná bibliografie
Hlavní autor: Bandeira, Manuel
Médium: Kniha
Jazyk:Undetermined
Vydáno: Río de Janeiro, Brasil Pongetti 1949
Témata:
Tagy: Přidat tag
Žádné tagy, Buďte první, kdo vytvoří štítek k tomuto záznamu!

MARC

LEADER 00000nam a2200000Ia 4500
008 170316s9999 xx 000 0 und d
040 |a cru BVZT 
090 |a 860 B-5L 
100 |a Bandeira, Manuel  |9 2094 
245 |a Literatura hispano-americana 
260 |a Río de Janeiro, Brasil 
260 |b Pongetti 
260 |c 1949 
300 |a 223 páginas 
650 |a LITERATURA LATINOAMERICANA  |9 15 
999 |c 8470  |d 8470 
942 |c 15 D  |h 860 B-5L  |2 z